Capital of Malaysian States - Statistics

General Stats
  • This quiz has been taken 309 times
  • The average score is 11 of 14
Answer Stats
State / Federal Territory Capital City % Correct
Johor Johor Bahru
99%
Sarawak Kuching
89%
Penang George Town
88%
Sabah Kota Kinabalu
88%
Kedah Alor Setar
80%
Perak Ipoh
80%
Terengganu Kuala Terengganu
76%
Malacca Malacca City
76%
Negeri Sembilan Seremban
75%
Selangor Shah Alam
75%
Pahang Kuantan
72%
Kelantan Kota Bharu
70%
Perlis Kangar
63%
Labuan Victoria
43%
No matching quizzes found
Score Distribution
Percent of People with Each Score
Percentile by Number Answered
Your Score History
You have not taken this quiz